LDR 01076nam a2200229 i 4500 001 000000366833 003 CaOOAMICUS 005 20260313094534.0 008 260313s1949 it a u000 u ita u 013 $a184518 040 $aSeMil$bita 100 1 $aBarzon, Antonio.$0(OLS)http://semarc/name/52152 245 10$aS. Giustina vergine e martire di Padova :$bomaggio a S. E. Mons. Girolamo Bartolomeo Bortignon vescovo di Padova : 26 giugno 1949 /$cA. Barzon. 260 $a[S.l. :$bs.n.],$c1949. 300 $a52 p. :$bill. ;$c24 cm 500 $aEstratto da: Bollettino diocesano di Padova, luglio-agosto 1949 650 4$aGiustina
.$0(OLS)http://semarc/subject/59779 850 $aSeMil 852 $aSeMil$W1$xVenegono$y1$m5C IX 1/11$j268417$B257601$CSeMilBibl$Z2$F257601 $8M 996 $6245$aS. Giustina vergine e martire di Padova :$bomaggio a S. E. Mons. Girolamo Bartolomeo Bortignon vescovo di Padova : 26 giugno 1949$9(OLS)http://semarc/title/458618 996 $6260$a[S.l. :$bs.n.]$9(OLS)http://semarc/publisher/29751